header

Linguistic attractors (Record no. 17629)

MARC details
000 -LEADER
fixed length control field 01361nam a2200337Ia 4500
100 1# - MAIN ENTRY--AUTHOR NAME
Personal name Cooper, D. L.
245 10 - TITLE STATEMENT
Title Linguistic attractors
260 ## - PUBLICATION, DISTRIBUTION, ETC. (IMPRINT)
Place of publication Amsterdam ;
-- Philadelphia, Pa. :
Name of publisher J. Benjamins Pub. Co.,
Year of publication c1999.
300 ## - PHYSICAL DESCRIPTION
Number of Pages xv, 375 p. :
Other physical details ill.
490 1# - SERIES STATEMENT
Series statement Human cognitive processing ;
650 #0 - SUBJECT ADDED ENTRY--TOPICAL TERM
Topical Term Psycholinguistics.
Topical Term Computational linguistics.
Topical Term Linguistic change.
856 40 - ELECTRONIC LOCATION AND ACCESS
Uniform Resource Identifier http://site.ebrary.com/lib/rucke/Doc?id=5000192

No items available.

© 2026 Rongo University
Contact us: librarian | system librarian | Rongo university